Most expensive football transfers - Goalkeepers - 2020-2021 Season - Statistics

General Stats
  • This quiz has been taken 16 times
  • The average score is 5 of 10
Answer Stats
Fee (M €) Nationality Left Joined Player % Correct
24,00 France / Senegal Stade Rennais Chelsea Edouard Mendy
100%
17,40 Argentina Arsenal Aston Villa Emiliano Martínez
100%
20,50 England Bournemouth Sheff Utd Aaron Ramsdale
73%
6,00 Spain Sevilla FC Paris SG Sergio Rico
53%
7,20 Switzerland TSG Hoffenheim VfB Stuttgart Gregor Kobel
47%
7,00 Germany SC Freiburg Hertha BSC Alexander Schwolow
33%
10,00 Senegal / Italy Dijon Stade Rennais Alfred Gomis
20%
6,50 France FC Lorient Leeds IllanMeslier
20%
6,00 Switzerland FC Basel Montpellier Jonas Omlin
20%
7,50 France G. Bordeaux Angers SCO Paul Bernardoni
7%
No matching quizzes found
Score Distribution
Percent of People with Each Score
Percentile by Number Answered
Your Score History
You have not taken this quiz